Rozvoj klíčových kompetencí jako možná forma prevence nezaměstnanosti žen po rodičovské dovolené : bakalářská práce Stanislava Šťovíčková ; Vedoucí práce: Marie Vorlová
Record details
- Physical Description: 66 s. 3 příl.
Content descriptions
| Bibliography, etc. Note: | bibliogr. s. 64 |
Available copies
- 1 of 1 copy available at Common Catalog SPOK.
Holds
- 0 current holds with 1 total copy.
Show All Copies
| Location | Call Number / Copy Notes | Barcode | Shelving Location | Status | Due Date |
|---|---|---|---|---|---|
| Jabok Library | ABP-1373 | 424480022342 | Absolventské práce | Reference | - |
Electronic resources
Version of Resource: Plný text
| LDR | 00828ntm a22 a 4500 | ||
|---|---|---|---|
| 001 | 11126 | ||
| 003 | CZ-PrJAB | ||
| 005 | 20210225074801.0 | ||
| 008 | 090402s2007 xr e |||| |cze | ||
| 009 | cz | ||
| 035 | . | ‡a(CONS)11126 | |
| 035 | . | ‡aKPS0018647 | |
| 041 | 0 | . | ‡acze |
| 100 | 1 | 1. | ‡714943 ‡aŠťovíčková, Stanislava |
| 110 | 2. | ‡aEvangelická teologická fakulta Univerzity Karlovy | |
| 245 | 1 | . | ‡aRozvoj klíčových kompetencí jako možná forma prevence nezaměstnanosti žen po rodičovské dovolené : ‡bbakalářská práce ‡cStanislava Šťovíčková ; Vedoucí práce: Marie Vorlová |
| 260 | . | ‡aPraha ‡c2007 | |
| 300 | . | ‡a66 s. ‡b3 příl. | |
| 504 | . | ‡abibliogr. s. 64 | |
| 653 | . | ‡aklíčové kompetence ‡aprevence nezaměstnanosti ‡arodičovská dovolená ‡anezaměstnanost ‡azaměstnanost ‡aceloživotní vzdělávání | |
| 700 | 1 | 1. | ‡74797 ‡aVorlová, Marie |
| 999 | . | ‡a1373- ‡c1373- ‡i424480022342 ‡tP | |
| 910 | . | ‡aABG312 | |
| 856 | 4 | 1. | ‡uhttps://dspace.cuni.cz/handle/20.500.11956/14479 ‡yPlný text |
| 901 | . | ‡a11126 ‡bCZ-PrJAB ‡c11126 ‡tbiblio | |